Democracy for the few / (Record no. 126866)

MARC details
000 -LEADER
campo de control de longitud fija 02908cam a2200481 a 4500
001 - NÚMERO DE CONTROL
campo de control 16035476
003 - IDENTIFICADOR DE NÚMERO DE CONTROL
campo de control BJBSDDR
005 - FECHA Y HORA DE LA ÚLTIMA TRANSACCIÓN
campo de control 20260421121730.0
007 - CAMPO FIJO DE DESCRIPCIÓN FÍSICA--INFORMACIÓN GENERAL
campo de control de longitud fija ta
008 - DATOS DE LONGITUD FIJA--INFORMACIÓN GENERAL
campo de control de longitud fija 091228t20102011maua 001 0 eng d
010 ## - NÚMERO DE CONTROL DE LA BIBLIOTECA DEL CONGRESO
Número de control de LC 2009944057
020 ## - NÚMERO INTERNACIONAL ESTÁNDAR DEL LIBRO
Número Internacional Estándar del Libro 0495911267
Información calificativa pbk.
020 ## - NÚMERO INTERNACIONAL ESTÁNDAR DEL LIBRO
Número Internacional Estándar del Libro 9780495911265
Información calificativa pbk.
035 ## - NÚMERO DE CONTROL DEL SISTEMA
Número de control de sistema 16035476
035 ## - NÚMERO DE CONTROL DEL SISTEMA
Número de control de sistema (OCoLC)608702569
040 ## - FUENTE DE CATALOGACIÓN
Centro catalogador/agencia de origen FST
Centro/agencia transcriptor FST
Centro/agencia modificador BTCTA
-- DLC
Lengua de catalogación eng
041 ## - CÓDIGO DE IDIOMA
Código de lengua del texto/banda sonora o título independiente eng
042 ## - CÓDIGO DE AUTENTICACIÓN
Código de autenticación lccopycat
043 ## - CÓDIGO DE ÁREA GEOGRÁFICA
Código de área geográfica n-us---
050 00 - SIGNATURA TOPOGRÁFICA DE LA BIBLIOTECA DEL CONGRESO
Número de clasificación JK275
Número de ítem P228d 2011
082 00 - NÚMERO DE LA CLASIFICACIÓN DECIMAL DEWEY
Número de clasificación 320.973
Número de edición 22
100 1# - ENTRADA PRINCIPAL--NOMBRE DE PERSONA
Nombre de persona Parenti, Michael,
Fechas asociadas al nombre 1933-2026
9 (RLIN) 48036
245 10 - MENCIÓN DEL TÍTULO
Título Democracy for the few /
Mención de responsabilidad, etc. Michael Parenti.
250 ## - MENCION DE EDICION
Mención de edición 9th ed.
260 ## - PUBLICACIÓN, DISTRIBUCIÓN, ETC.
Lugar de publicación, distribución, etc. Boston :
Nombre del editor, distribuidor, etc. Thomson-Wadsworth,
Fecha de publicación, distribución, etc. c2011.
300 ## - DESCRIPCIÓN FÍSICA
Extensión xii, 324 p. :
Otras características físicas ill. ;
Dimensiones 24 cm.
336 ## - TIPO DE CONTENIDO
Término de tipo de contenido text
Código de tipo de contenido txt
Fuente rdacontent
337 ## - TIPO DE MEDIO
Nombre/término del tipo de medio unmediated
Código del tipo de medio n
Fuente rdamedia
338 ## - TIPO DE SOPORTE
Nombre/término del tipo de soporte volume
Código del tipo de soporte nc
Fuente rdacarrier
504 ## - NOTA DE BIBLIOGRAFÍA, ETC.
Nota de bibliografía, etc. Includes bibliographical references and index.
505 2# - NOTA DE CONTENIDO CON FORMATO
Nota de contenido con formato Preface -- ch. 1. Partisan politics -- ch. 2. A constitution for the few -- ch. 3. Rise of the corporate state -- ch. 4. Wealth and want in the United States -- ch. 5. Institutions and ideologies -- ch. 6. Politics : who gets what? -- ch. 7. Health and human services: sacrificial lambs -- ch. 8. The last environment -- ch. 9. Unequal before the law -- ch. 10. Political repression and national insecurity -- ch. 11. The U.S. global military empire -- ch. 12. Who governs? Elites, labor, and globalization -- ch. 13. Mass media : for the many, by the few -- ch. 14. Voters, parties, and stolen elections -- ch. 15. Congress: the pocketing of power -- ch. 16. The President : guardian of the system -- ch. 17. The political economy of bureaucracy -- ch. 18. The supremely political court -- ch. 19. Democracy for the few -- Notes -- Index.
520 ## - RESUMEN, ETC.
Sumario, etc. DEMOCRACY FOR THE FEW is a provocative interpretation of American Government. It shows how democracy is repeatedly violated by corporate oligopolies, and how popular forces have fought back and occasionally made gains in spite of the system. By focusing on the relationship between economic power and political power, discussing actual government practices and policies, conspiracies, propaganda, fraud, secrecy and other ploys of government and politics, this book stands apart in its analysis of how US Government works.
650 #0 - PUNTO DE ACCESO ADICIONAL DE MATERIA--TÉRMINO DE MATERIA
Término de materia o nombre geográfico como elemento de entrada Elite (Social sciences)
Subdivisión geográfica United States.
650 #0 - PUNTO DE ACCESO ADICIONAL DE MATERIA--TÉRMINO DE MATERIA
Término de materia o nombre geográfico como elemento de entrada Political participation
Subdivisión geográfica United States.
651 #0 - PUNTO DE ACCESO ADICIONAL DE MATERIA--NOMBRE GEOGRÁFICO
Nombre geográfico United States
Subdivisión general Politics and government
Subdivisión cronológica 1945-1989.
651 #0 - PUNTO DE ACCESO ADICIONAL DE MATERIA--NOMBRE GEOGRÁFICO
Nombre geográfico United States
Subdivisión general Politics and government
Subdivisión cronológica 1989-
906 ## - ELEMENTOS DE DATOS F LOCAL, LDF (RLIN)
a 7
b cbc
c copycat
d 2
e epcn
f 20
g y-gencatlg
942 ## - ELEMENTOS DE ENTRADA SECUNDARIOS (KOHA)
Fuente del sistema de clasificación o colocación Clasificación de Library of Congress
Tipo de ítem Koha Libro
Suprimir en OPAC No
946 ## - PROCESAMIENTO DE INFORMACIÓN LOCAL (OCLC)
Iniciales del agente catalogador dpf
Holdings
Estatus retirado Estado de pérdida Fuente del sistema de clasificación o colocación Estado de daño No para préstamo Colección Biblioteca de origen Biblioteca actual Ubicación en estantería Fecha de adquisición Signatura topográfica completa Código de barras Visto por última vez Copia número Tipo de ítem Koha
    Clasificación de Library of Congress     Automatización y Procesos Técnicos Biblioteca Juan Bosch Biblioteca Juan Bosch Automatización y Procesos Técnicos (1er. Piso) 21/04/2026 JK275 P228d 2011 00000199048 21/04/2026 1 Libro